000 00873nam a2200229Ia 4500
008 191130s1996##################000#0#eng##
020 _a9780748404032
022 _a95048128
040 _aACL
_cACL
082 _a361.610941 SMI
245 _aMeasuring outcome in the public sector
_cedited by Peter Smith
260 _aLondon
_bTaylor & Francis
_c1996
300 _axi, 212 p. ; 25 cmc
500 _aPapers based on seminars held at the University of York. Includes bibliographical references and index
650 _aAdministrative agencies - Great Britain - Evaluation - Congresses
650 _aEvaluation research (Social action programs) - Great Britain - Congresses
650 _aGreat Britain - Social policy - 1979- - Evaluation - Congresses
700 _aSmith, Peter
990 _ab0ea633bac10000c67875fefb923991d
991 _a346712
999 _c7086
_d7086